00483 2200205 4500001002100000005001500021008004100036020002200077035001900099041000700118082001000125090001600135100002500151245002200176250001200198260001800210300002300228500001000251650001600261INLIS00000000000130220241224112326241224||||||||| | ||| |||| || |  a978-979-665-613-3 0010-1224001302 aid0 a372.3 a372.3 HEN p0 aHenry Guntur Tarigan00aPengajaran Wacana aEd. Rev bAngkasac2009 avi,186 hlm.;20 cm. aCet.1 0aIlmu Sosial